00745nam a2200229Ia 450000100090000000300040000900500170001300800410003001000130007102000150008403500120009904000180011108200180012924500500014725000120019726000460020930000560025550000380031152001110034965000350046071000200049510298064OSt20180917100827.0840113s1984 ilua be 001 0deng d a83-50030 a0716600846 a3163077 aIEPcIEPdOSU aREF 031bW93W04aThe World book encyclopediacWorld Book, Inc. a1984 ed aChicago, Ill. :bWorld Book, Inc.,cc1984 a22 v. : Vol-22 Research Guide/ Indexbill. ;c26 cm aIncludes bibliographies and index aAn encyclopedia designed especially to meet the needs of elementary, junior high, and high school students 0aEncyclopedias and dictionaries20aWorld Book, Inc